000 01054nam a2200229Ia 4500
999 _c39522
_d39522
001 6118
003 GE_BSU
005 20190924105009.0
008 181216s||||||||xx |||||||||||||| ||und||
040 _cGE_BSU
041 _ageo
080 _a630.2(479.22)+821.353.1 ა-87
100 _aასკურავა, დავით
_94258
245 _aხვალინდელი დღის საძირკველი :
_bნარკვევები ტყის დამცველებზე /
_cდავით ასკურავა ; რედ. მარინე სოხაძე.
250 _a1-ლი გამოც.
264 _aთბილისი :
_bნაკადული ;
_c1976.
300 _a69 გვ. ;
_c20 სმ.
653 _aნარკვევები ტყის დამცველებზე
653 _aხვალინდელი დღის საძირკველი
700 _aსოხაძე, მარინე
_eრედაქტორი
_94259
942 _cBK
_2udc